| 000 | 00948nam a2200301 i 4500 | ||
|---|---|---|---|
| 003 | EG-GICUC | ||
| 005 | 20260502123911.0 | ||
| 008 | 260502s1996 us ||||fr|||| 000 0 eng d | ||
| 040 |
_aEG-GiCUC _beng _cEG-GiCUC _dEG-GiCUC _erda |
||
| 082 | 0 | 4 |
_221 _a343.551 _bCH . I |
| 092 | 0 | 4 | _221 |
| 099 | _aLaw1 10 343.551 CH . I 1996 | ||
| 100 | 1 |
_aCherif Bassiouni _eAuthor. |
|
| 245 | 1 | 0 |
_aInternational Extradition : _bUnited States Law And Practice / _cCherif Bassiouni. _n |
| 250 | _aThird Edition | ||
| 264 | 1 |
_aNew York : _bOceana Publications INC. Dobbs Ferry, _c1996. |
|
| 300 |
_a967pages : _billustrations, _c24 cm |
||
| 336 |
_2rda content _atext |
||
| 337 |
_2rda media _aComputer |
||
| 338 |
_2rda carrier _aOnline Resource |
||
| 504 | _a | ||
| 546 | _aText in English | ||
| 650 | 1 | 4 |
_aCriminal law _2 |
| 651 | 1 | _2 | |
| 856 | 4 | 0 | _uhttps://fll.law.cu.edu.eg/fulltext/bks/B10-10850.pdf |
| 905 | _a50 | ||
| 942 |
_2ddc _cBK _e21 _n0 |
||
| 999 |
_c74798 _d74798 |
||